BIBLIOTECA

SENCICO

Aplicación de la topografía en edificaciones - movimiento de tierras y replanteo de ejes / (Registro nro. 4228)

Detalles MARC
000 -LEADER
fixed length control field 01082nam a22002657a 4500
003 - CONTROL NUMBER IDENTIFIER
control field PE SENCICO BE
005 - DATE AND TIME OF LATEST TRANSACTION
control field 20251020182639.0
008 - FIXED-LENGTH DATA ELEMENTS--GENERAL INFORMATION
fixed length control field 230705b |||||||| |||| 00| 0 eng d
040 ## - CATALOGING SOURCE
Original cataloging agency PE SENCICO BE
Transcribing agency PE SENCICO BE
041 ## - LANGUAGE CODE
Language code of text/sound track or separate title spa
084 ## - OTHER CLASSIFICATION NUMBER
Classification number I
-- TOP
-- 2018
Item number S98
100 1# - MAIN ENTRY--PERSONAL NAME
9 (RLIN) 1211
Personal name Suxe Fernandez, Lennin
Relator term autor
245 1# - TITLE STATEMENT
Title Aplicación de la topografía en edificaciones - movimiento de tierras y replanteo de ejes /
Statement of responsibility, etc. Lennin Suxe Fernandez
260 ## - PUBLICATION, DISTRIBUTION, ETC.
Place of publication, distribution, etc. Lima :
Date of publication, distribution, etc. 2018
300 ## - PHYSICAL DESCRIPTION
Extent 57 h. :
Other physical details il. col., diagrs. ;
Dimensions 29 cm.
502 ## - DISSERTATION NOTE
Dissertation note Monografía de Titulación.-- Servicio Nacional de Capacitación para la Industria de la Construcción. Escuela Superior Técnica. Carrera Profesional Técnica en Topografía y Geodesía, 2018.
504 ## - BIBLIOGRAPHY, ETC. NOTE
Bibliography, etc. note Bibliografía: h. 57
650 14 - SUBJECT ADDED ENTRY--TOPICAL TERM
9 (RLIN) 4
Topical term or geographic name entry element Topografía
650 24 - SUBJECT ADDED ENTRY--TOPICAL TERM
9 (RLIN) 216
Topical term or geographic name entry element Edificaciones
650 24 - SUBJECT ADDED ENTRY--TOPICAL TERM
9 (RLIN) 543
Topical term or geographic name entry element Cimentaciones
650 24 - SUBJECT ADDED ENTRY--TOPICAL TERM
9 (RLIN) 177
Topical term or geographic name entry element Construcción
710 1# - ADDED ENTRY--CORPORATE NAME
Corporate name or jurisdiction name as entry element Servicio Nacional de Capacitación para la Industria de la Construcción.
Subordinate unit Escuela Superior Técnica
9 (RLIN) 1065
910 ## - USER-OPTION DATA (OCLC)
-- hfp
-- hfp
942 ## - ADDED ENTRY ELEMENTS (KOHA)
Koha item type Monografía de Titulación
Existencias
Fecha de la última vez que lo usaron Número de ingreso o de inventario Pago total Signatura topográfica completa Precio efectivo desde Tipo de documento Estado perdido Estado dañado No es para préstamo Retirado Ubicación permanente Ubicación actual Fecha de adquisición
05/07/2023 I-00066   I/TOP/2018/S98 05/07/2023 Monografía de Titulación         Biblioteca Central Lima Biblioteca Central Lima 05/07/2023